Základní rizika předčasných úmrtí v evropských zemích

Základné riziká predčasných úmrtí osôb mladších 65 rokov v európkych krajinách. Analýza hlavných determinatov ako sociálna a ekonomická situácia, osobné rizikové faktory, financovanie zdravotníctva a kvalita zdravotnej starostlivosti.

Na minha lista:
Detalhes bibliográficos
Autor principal: Pacáková, Viera
Outros Autores: Žáková, Nikola
Formato: Capítulo de Livro
Idioma:tcheco
Assuntos:
Tags: Adicionar Tag
Sem tags, seja o primeiro a adicionar uma tag!

MARC

LEADER 00000naa a2200000 4500
001 0257205
005 20220728114726.8
041 0 |a cze 
044 |a SK 
245 1 0 |a Základní rizika předčasných úmrtí v evropských zemích  |c Viera Pacáková, Nikola Žáková 
520 |a Základné riziká predčasných úmrtí osôb mladších 65 rokov v európkych krajinách. Analýza hlavných determinatov ako sociálna a ekonomická situácia, osobné rizikové faktory, financovanie zdravotníctva a kvalita zdravotnej starostlivosti. 
610 2 0 |a starostlivosť zdravotná 
610 2 0 |a metódy štatistické 
610 2 0 |a úmrtnosť 
610 2 0 |a Európska únia 
610 2 0 |a financovanie zdravotníctva 
610 2 0 |a kvalita života 
100 1 |a Pacáková, Viera 
700 1 |a Žáková, Nikola